00743nam a2200181Ia 4500008004100000020001500041041001200056100001400068245004600082250000800128260003300136300000900169650001400178942000700192999001700199952017300216952017200389221030s9999 xx 000 0 und d a8126515547 aEnglish aJ. D. Lee 0aConcise Inorganic Chemistrycby J. D. Lee a5th bWilley Pub.aNew Delhic2015 a1032 aChemistry cBK c17306d17306 pBE 15151g700.00i11650l0eRKBr2024-06-13 00:00:00w2022-10-30yBK003Print4071aMIETLIBbMIETLIBcBL-Academic Block B, FL-2, CUP-118, SH-6, R-6d2017-02-0210HBE pBE 15152g700.00i11650l0eRKBr2024-06-13 00:00:00w2022-10-30yBK003Print4070aMIETLIBbMIETLIBcBL-Academic Block B, FL-2, CUP-88, SH-5, R-5d2017-02-0210HBE